000
00316nam a2200145Ia 4500
100
_a
Sedgewick/ Flajolet
942
_c
BK
654
_a
Computer
245
_a
Analysis of Algorithm
260
_b
Addison Wesley Pub
_a
Reading
_c
1996
082
_a
5.1
_b
SED/FLA
300
_a
492
546
_a
ENGLISH
999
_c
27427
_d
27427